000 00379nam a22001697a 4500
005 20180327160146.0
008 160615b xxu||||| |||| 00| 0 eng d
020 _a978-0-07-022092-8
041 _aeng
082 _b7717
_a338.7
100 _aPaul, Justin
_9371
245 _aBusiness Environment
260 _bTMH
300 _a475
650 _aManagement
_9241
942 _cBK
999 _c2760
_d2759